logo

Artificial Intelligence- Based Ststem for Gaze-Based Communication (Record no. 2023)

000 -LEADER
fixed length control field 00513nam a22001817a 4500
003 - CONTROL NUMBER IDENTIFIER
control field SLTCLib
008 - FIXED-LENGTH DATA ELEMENTS--GENERAL INFORMATION
fixed length control field 260605b ce ||||| |||| 00| 0 eng d
020 ## - INTERNATIONAL STANDARD BOOK NUMBER
International Standard Book Number 9781032438238
041 ## - LANGUAGE CODE
Language code of text/sound track or separate title English Language
080 ## - UNIVERSAL DECIMAL CLASSIFICATION NUMBER
Edition identifier 004.7(536.85)
Universal Decimal Classification number MAD
100 ## - MAIN ENTRY--PERSONAL NAME
Personal name Madhusanka, B.G.D.A.
9 (RLIN) 3571
245 ## - TITLE STATEMENT
Title Artificial Intelligence- Based Ststem for Gaze-Based Communication
300 ## - PHYSICAL DESCRIPTION
Extent 160p.
650 #0 - SUBJECT ADDED ENTRY--TOPICAL TERM
9 (RLIN) 2104
Topical term or geographic name as entry element Artificial intelligence
650 #0 - SUBJECT ADDED ENTRY--TOPICAL TERM
9 (RLIN) 308
Topical term or geographic name as entry element Communication
700 ## - ADDED ENTRY--PERSONAL NAME
9 (RLIN) 3570
Personal name Ramadass, Sureswaran
942 ## - ADDED ENTRY ELEMENTS (KOHA)
Source of classification or shelving scheme
Koha item type Reference Materials
945 ## - LOCAL PROCESSING INFORMATION (OCLC)
a 3725
b Ishara wickramage
c 3725
d Ishara wickramage
Holdings
Withdrawn status Lost status Source of classification or shelving scheme Damaged status Not for loan Permanent Location Current Location Shelving location Date acquired Source of acquisition Full call number Barcode Date last seen Price effective from Koha item type
          Library of SLTC Library of SLTC Reference Section 2026-06-05 Donation 004.7(536.85) MAD 003401 2026-06-05 2026-06-05 Reference Materials
Ghostwriter

All Rights Reserved, Library of SLTC
Sri Lanka Technological Campus, Ingiriya Road, Padukka, Sri Lanka - Telephone: +, Fax: + -
Email:library@sltc.edu.lk
Designed & Maintained by Nimal Hettiarachchi
Last Updated: 15-April -2018